More Jataka Tales (Record no. 835637)

MARC details
000 -LEADER
fixed length control field 00413nam a2200169Ia 4500
008 - FIXED-LENGTH DATA ELEMENTS--GENERAL INFORMATION
fixed length control field 110201s9999 xx 000 0 und d
082 ## - DEWEY DECIMAL CLASSIFICATION NUMBER
Item number B10228
Classification number BAL 2322
100 ## - MAIN ENTRY--PERSONAL NAME
Personal name Vernon Thomas
245 ## - TITLE STATEMENT
Title More Jataka Tales
260 ## - PUBLICATION, DISTRIBUTION, ETC. (IMPRINT)
Name of publisher, distributor, etc Better Yourself Books
365 ## - TRADE PRICE
Price amount 12
600 ## - SUBJECT ADDED ENTRY--PERSONAL NAME
Personal name Vernon Thomas
630 ## - SUBJECT ADDED ENTRY--UNIFORM TITLE
Uniform title More Jataka Tales
700 ## - ADDED ENTRY--PERSONAL NAME
Personal name Vernon Thomas
730 ## - ADDED ENTRY--UNIFORM TITLE
Uniform title More Jataka Tales
942 ## - ADDED ENTRY ELEMENTS (KOHA)
Koha item type Book
Holdings
Withdrawn status Lost status Damaged status Not for loan Home library Current library Date acquired Cost, normal purchase price Total Checkouts Barcode Date last seen Cost, replacement price Price effective from Koha item type
        Prof.Manikrao Kirtane Vachanalaya, Vashi, Navi Mumbai Prof.Manikrao Kirtane Vachanalaya, Vashi, Navi Mumbai 02/01/2011 12.00   PMKV-B10228 02/01/2011 12.00 02/01/2011 Book